Statistiques concernant Vocab espagnol

Cliquez ici pour prendre le quiz!

Statistiques générales

  • Ce quiz a été pris 32 fois
    (24 depuis la dernière actualisation)
  • Le résultat moyen est 21 sur 65

Statistiques - réponses

HintRéponse% Correct
changercambiar
94%
imiterimitar
75%
limiterlimitar
75%
vouloir quequerer que
75%
souffrirsufrir
75%
collaborercolaborar
69%
la douleurel dolor
69%
la peurel miedo
69%
ensemblesjuntos
69%
l'injusticela injusticia
69%
lutter pourluchar por
63%
promouvoirpromover
63%
un dangerun peligro
63%
faciliterfacilitar
56%
les émotionslas emociones
56%
une machineuna máquina
56%
défendre ses idéesdefender sus ideas
50%
essayer deintentar
50%
la moralela moral
50%
un risqueun riesgo
50%
clonerclonar
44%
partagercompartir
44%
le bénéficeel beneficio
44%
un avantageuna ventaja
44%
la pollutionla contaminacion
38%
transmettretransmitir
38%
comme si c'étaitcomo si fuera
31%
le chantageel chantaje
31%
la recherchela búsqueda
31%
l’éthiquela ética
31%
la frustrationla frustración
31%
une inventionuna invención
31%
un inconvénientun inconveniente
31%
le chômageel paro
25%
la souffranceel sufrimiento
25%
être en faveur deestar a favor de
25%
s’opposer àoponerse a
25%
prendre soin de l’environnementcuidar el medio ambiente
19%
l’angoissela angustia
19%
robotiserrobotizar
19%
une inventionun invento
19%
laisser tomberabandonar
13%
soulageraliviar
13%
remettre en questioncuestionar
13%
le soulagementel alivio
13%
l’enrichissementel enriquecimiento
13%
le libre arbitreel libre albedrío
13%
la crainteel temor
13%
novateurinnovador
13%
revendiquerreivindicar
13%
tirer profit desacar provecho de
13%
devenir dangereuxvolverse peligroso
13%
laisser tomberdejar de
6%
s’enrichirenriquecerse
6%
être contreestar en contra de
6%
être en désaccord avec quelqu'unestar en desacuerdo con alguien
6%
s'exprimerexpresarse
6%
échouerfracasar
6%
l'exploitation des ressourcesla exploitacion de los recursos
6%
les matières polluanteslas materias contaminantes
6%
être intimidéser intimidado
6%
un éco-citoyenun eco-ciudadano
6%
nuire à l’environnementdañar el medio ambiente
0%
être engagé pour/dansestar comprometido con
0%
dépassersuperar
0%

Distribution des résultats

Percentile par nombre de réponses

% des personnes avec chaque résultat

Votre développement - résultats

Vous n’avez pas pris ce quiz depuis la dernière actualisation